000 01024nas a2200325 4500
001 BR2010003196
003 BR-BrBNA
005 20231205114115.0
007 ta
008 230509b bl.|||p| |||| 00| 00por d
040 _aBR-BrBNA
_bpor
_cBiblioteca Nacional de Agricultura
041 _a(Pt)
072 _aL02; L51
100 1 _aPorto, P.P.
100 1 _aDeresz, F.
100 1 _aSantos, G.T. dos
100 1 _aLopes, F.C.F.
100 1 _aCecato, U.
100 1 _aCóser, A.C.
245 1 _aProdução e composição química do leite, consumo e digestibilidade de forragens tropicais manejadas em sistema de lotação intermitente
650 _aGADO HOLANDÊS
650 _aGADO ZEBU
650 _aCOMPOSIÇÃO QUÍMICA
650 _aLEITE
650 _aPRODUÇÃO LEITEIRA
650 _aDIGESTIBILIDADE
773 0 _tRevista Brasileira de Zootecnia (Brazil)
_xISSN 1516-3598
_g(Aug 2009), v. 38(8) p. 1422-1431
_wBR2010003196
909 _a202311
_bLúcia
_c55
_dLúcia Elande
942 _2AGRIS
_n0
_cANA
999 _c207108
_d207108